El hombre en el espejo
Enregistré dans:
| Auteur principal: | |
|---|---|
| Format: | Livre |
| Langue: | espagnol |
| Publié: |
Buenos Aires
Sudamericana
1950
|
| Sujets: | |
| Tags: |
Ajouter un tag
Pas de tags, Soyez le premier à ajouter un tag!
|
MARC
| LEADER | 00000cam a2200000 a 4500 | ||
|---|---|---|---|
| 001 | UCF8503 | ||
| 003 | CL-VaPUC | ||
| 008 | 130829e19500000ag |||||||||||||||||spa|d | ||
| 082 | 0 | 4 | |a 863 |b BEN |2 21 |
| 100 | 0 | |a Benguerel i Llobet, Xavier |e author |9 570595 | |
| 245 | 1 | 3 | |a El hombre en el espejo |
| 300 | |a 299 p | ||
| 942 | |c BK | ||
| 945 | |d 20130829 16:45:00 |a dcastane | ||
| 260 | |a Buenos Aires |b Sudamericana |c 1950 | ||
| 650 | 0 | |a Novelas españolas |9 265052 | |
| 650 | 0 | |a Literatura española |9 306261 | |
| 583 | |a last modification |c 20130829 16:45:00 |k Rodrigo Vera | ||
| 999 | |c 353074 |d 353072 | ||
| 952 | |0 0 |1 0 |3 erb |4 0 |6 863_000000000000000_BEN_1950 |7 0 |8 A |9 457970 |a BIBEDU |b BIBEDU |d 2019-11-23 |i 4998057 |o 863 BEN 1950 |p 4998057 |r 2019-11-23 |w 2019-11-23 |y BK |z Catalogado en:20130829 |k LIT | ||